01001njm a2200265Ia 4500001000600000003000900006005001700015008004100032040001300073040001300086041001300099100001900112100001800131100003800149245003600187250001100223260001300234260006500247300001700312500003600329505017000365650005400535700008300589700006300672B1821IT-RoPAU20220918181149.0131025s9999 xx 000 0 und d aIT-RoPAU cIT-RoPAU aSPAGNOLO aRey Luis Ariel eAutore musica gCodice autore musica SPICS: 37121 aLuis Ariel Rey la voz del Llano a1a ed. aCOLOMBIA bDISCOS & CINTASc1979 [1a Ed.:1979 - Ed. Lingua Orig.: 1979] aMUSICASSETTA aMusica folk. Musica colombiana. aCarmentea - El espinito - Guayabo negro - El canaguaro - Pardillal - Paisaje matinal - Ay si si - Maraure - Amor al llano - Asi es la mujer - Perro de agua - Clarava aCOLOMBIANA [CASSETTE]eCodice MATERIA SPICS: 9951 aRey Luis ArieleAutore testo e musicagCodice autore testo/musica SPICS: 37121 aRey Luis ArielgCodice interprete SPICS: 37121eInterprete